000 00291nam a22001337a 4500
008 171027b xxu||||| |||| 00| 0 eng d
020 _a9780130661944
041 _aeng
080 _26TH
_a336
100 _a56
101 _aFIN
245 _aPERSONAL FINANCE
_cWINGER,B.J
942 _2udc
_cBK
999 _c36147
_d36147